Quiz dos estados brasileiros - Minas Gerais - Statistics

Estatísticas Gerais
  • Esse quiz foi jogado 270 vezes
  • A pontuação média é 18 de 27
Estatísticas das Respostas
Dica Resposta % Correto
Capital Belo Horizonte
100%
3 cidades mais populosas Belo Horizonte
100%
Metal precioso encontrado por bandeirantes paulistas que mudou os rumos da colônia Ouro
92%
O estado é líder nacional na produção desses produtos agrícolas café
90%
3 cidades mais populosas Uberlândia
88%
Cidade histórica que foi o primeiro local considerada patrimônio histórico pela UNESCO no Brasil Ouro Preto
87%
Famoso bolinho feito com polvilho e queijo pão de queijo
87%
Munícipio atingido pelo rompimento de barragem de rejeitos de extração mineral Brumadinho
83%
Munícipio atingido pelo rompimento de barragem de rejeitos de extração mineral Mariana
82%
Rio de origem na Serra da Canastra que vai em direção ao nordeste brasileiro São Francisco
82%
Inventor e pioneiro da aviação Santos Dumont
79%
Escultor famoso por suas obras barrocas Aleijadinho
77%
Participante do movimento citado que se tornou mártir nacional Tiradentes
77%
Apelido da aliança com os paulistas durante o período da república velha Café com Leite
72%
O estado é líder nacional na produção dessa bebida alcoólica cachaça
69%
3 cidades mais populosas Contagem
65%
Movimento de independência reprimido por Portugal Inconfidência mineira
64%
Minério que juntamente dos seus derivados corresponde a aprox. 50% das exportações do estado ferro
61%
Banda intérprete de "É Uma Partida de Futebol" e "Vou Deixar" Skank
58%
Maior nome do espiritismo no Brasil Chico Xavier
57%
Minas Gerais é o estado com o maior número de presidentes da república, entretanto, esse político nunca chegou a tomar posse Tancredo Neves
57%
Fóssil humano mais antigo das Américas Luzia
49%
Maior museu a céu aberto do mundo Instituto Inhotim
46%
Região delimitada pelos rios Grande e Paranaíba Triângulo Mineiro
44%
Caminho oficial onde escoava a produção do metal citado e atual ponto turístico Estrada Real
40%
O estado é líder nacional na produção desses produtos agrícolas batata
9%
O estado é líder nacional na produção desses produtos agrícolas morango
6%
Nenhum quiz correspondente encontrado
Distribuição das Pontuações
Porcentagem de Pessoas com Cada Pontuação
Percentil de Números Respondidos
Sua Pontuação Histórica
Você não jogou esse quiz